| 000 | 00642nam a2200217Ia 4500 | ||
|---|---|---|---|
| 008 | 191130s2007##################000#0#eng## | ||
| 020 | _a9781433101243 | ||
| 022 | _a2006025283 | ||
| 040 |
_aACL _cACL |
||
| 082 | _a659.202854678 DUH | ||
| 245 |
_aNew media and public relations _cSandra C. Duhé, editor |
||
| 260 |
_aBern ; Oxford _bPeter Lang _c2007 |
||
| 300 | _axi, 472 p. : ill. ; 26 cm | ||
| 500 | _aIncludes bibliographical references | ||
| 650 | _aInternet in public relations | ||
| 650 | _aPublic relations | ||
| 700 | _aDuhé, Sandra C | ||
| 990 | _a2ccbd0bdac10000c00bc214441746ebd | ||
| 991 | _a81810 | ||
| 999 |
_c21461 _d21461 |
||